000 00426nam a22001697a 4500
005 20180613153233.0
008 160512b xxu||||| |||| 00| 0 eng d
020 _a81-259-1612-1
041 _aeng
082 _b1648
_a657.046
100 _aMaheshwari S.N. Maheshwari S.K.
_9327
245 _aAdvanced Accountancy
260 _aNew Delhi
_bVikas Publishing
_c1985
300 _a3.32
650 _aManagement
_9241
942 _cBK
999 _c645
_d645